| 000 | 01030nam a22003135a 4500 | ||
|---|---|---|---|
| 001 | 016898368 | ||
| 003 | OSt | ||
| 005 | 20171024125629.0 | ||
| 008 | 141018s2014 enka frb 001 0 eng d | ||
| 020 | _a9781138851269 | ||
| 040 |
_aStDuBDS _beng _cStDuBDS _dEG-ScBUE |
||
| 043 | _aa-cc--- | ||
| 082 | 0 | 4 |
_a330.951 _222 _bAGL |
| 100 | 1 |
_aAglietta, Michel. _938701 |
|
| 245 | 1 | 0 |
_aChina's development : _bcapitalism and empire / _cMichel Aglietta and Guo Bai. |
| 260 |
_aOxfordshire ; _aNew York : _bRoutledge / Taylor & Francis Group, _c2014. |
||
| 300 |
_axiv, 319 p. : _bill. ; _c24 cm. |
||
| 490 | 0 |
_aRethinking globalizations ; _v40 |
|
| 500 | _aOriginally published : 2013. | ||
| 500 | _aIndex : p. 316-319. | ||
| 504 | _aBibliography : p. 307-315. | ||
| 650 | 7 |
_aCapitalism _zChina. _2BUEsh |
|
| 651 | 7 |
_aChina _xEconomic policy _y1976-2000. _2BUEsh |
|
| 651 | 7 |
_aChina _xEconomic policy _y2000- _2BUEsh |
|
| 653 |
_bBUSBOL _cNovember2015 _cOctober2017 |
||
| 655 |
_vText book _933728 |
||
| 700 | 1 | _aBai, Guo, | |
| 942 | _2ddc | ||
| 999 |
_c21014 _d20986 |
||